Jogadores que mais atuaram pelo Botafogo - Statistics

Estatísticas Gerais
  • Esse quiz foi jogado 147 vezes
  • A pontuação média é 5 de 15
Estatísticas das Respostas
Partidas Jogadas Nome dos Jogadores % Correto
612 Garrincha
92%
459 Jefferson
87%
723 Nilton Santos
87%
412 Jairzinho
61%
444 Quarentinha
56%
442 Manga
47%
387 Wagner
21%
349 Gottardo
18%
342 Roberto Miranda
10%
440 Carlos Roberto
8%
384 Osmar
7%
453 Valtencir
7%
425 Geninho
5%
372 Juvenal
5%
354 Gerson dos Santos
4%
Nenhum quiz correspondente encontrado
Distribuição das Pontuações
Porcentagem de Pessoas com Cada Pontuação
Percentil de Números Respondidos
Sua Pontuação Histórica
Você não jogou esse quiz